000 00255nam a22001097a 4500
008 170124b xxu||||| |||| 00| 0 eng d
020 _a0201117118
041 _aeng
080 _22ND
_a618.2
245 _aFUNDAMENTALS OF NURSING
_cKOZIER, B
942 _2udc
_cBK
999 _c3474
_d3474